000 00655nam a2200241Ia 4500
003 OSt
005 20220924152909.0
006 a|||||r|||| 00| 0
007 ta
008 220923b |||||||| |||| 00| 0 tel d
024 _a345793
037 _cTextual
040 _aARTS
_cARTS
_btel
041 _2tel
_atel
082 _aO35,1;g[X:3M24x18], M8
100 _aReddy M.Ravindra Au.
_9227773
245 0 _aTelugu Kavitwam Pai Marxism Prabhavam
260 _c1990
300 _a323p.
_ccm.
650 _aTELUGU LITERATURE
942 _hO35,1;g[X:3M24x18], M8
_cTEXL
_2CC
999 _c471475
_d471475